|
|
|
|
| LEADER |
00000cam a2200000 i 4500 |
| 001 |
1/14039 |
| 008 |
110630s2011 gre d |
| 020 |
|
|
|a 978-960-02-2512-9
|
| 035 |
|
|
|l 10110424
|
| 040 |
|
|
|a GR-MY-UA
|b gre
|e aacr
|
| 041 |
0 |
|
|a gre
|
| 082 |
0 |
|
|a 305.23
|2 (22)
|
| 100 |
1 |
|
|a Μπάλιας, Στάθης,
|d 1957-
|
| 245 |
1 |
3 |
|a Τα δικαώματα του παιδιού :
|b ο δρόμος προς την ελευθερία /
|c Στάθης Μπάλιας
|
| 260 |
|
|
|a ΑΘήνα :
|b παπαζήση,
|c 2011
|
| 300 |
|
|
|a 263 σ.;
|c 21 εκ.
|
| 504 |
|
|
|a Περιέχει βιβλιογραφία : σ. {[255]-263}
|
| 650 |
0 |
0 |
|a Children's rights.
|
| 650 |
0 |
0 |
|a Children
|x Legal status, laws, etc.
|
| 852 |
|
|
|a INST
|b RHODES
|e 20110630
|h 305.23 ΜΠΑ
|p 005400033105
|q 005400033105
|t BK
|y 0
|
| 901 |
|
|
|a BIBL4-2011-2
|
| 909 |
|
|
|a Ρ
|b 163789
|
| 922 |
|
|
|a 4ΕΛΗ
|
| 970 |
|
|
|z 2011/05/
|